00824nam a2200253 a 450000100060000000300080000600500170001400800410003102000490007203500190012104000320014004100080017208200270018024500880020726000340029530000360032950400510036565000200041665000210043670000310045770000350048870000260052377600210054969114BD-RjUL20211209081842.0170410s1996 gw a b 001 0 eng  a3540593837 (Berlin : hardcover : alk. paper) a(BD-RjUL)69325 aDLCcDLCdMYGdBD-RjULbeng aeng00a541.2254223bCIM 199600aMacromolecule-metal complexes /cedited by F. Ciardelli and E. Tsuchida, D. Whrle. aNew York :bSpringer,cc1996. axviii, 318 p. :bill. ;c25 cm. aIncludes bibliographical references and index. 0aMacromolecules. 0aMetal complexes.1 aCiardelli, F.q(Francesco)1 aTsuchida, E.q(Eishun),d1930-1 aWhrle, Dieter,d1939-1 w(OCoLC)851795169